| 000 | 00356nam a2200133Ia 4500 | ||
|---|---|---|---|
| 008 | 220214s9999 xx 000 0 und d | ||
| 022 | _a0016-6723 | ||
| 245 | 0 | _aGENETICAL RESEARCH | |
| 260 |
_bCambridge University Press _aEngland |
||
| 310 | _a2vy | ||
| 500 | _aEnding Volume & Year: 46, 1985 | ||
| 500 | _aStarting Volume & Year: 31, 1978 | ||
| 942 | _cBJ | ||
| 999 |
_c10767 _d10767 |
||